Plant growth-promoting microbes for sustainable biotic and abiotic stress management / (Record no. 43312)
[ view plain ]
| 000 -LEADER | |
|---|---|
| fixed length control field | 04275cam a2200433Ii 4500 |
| 003 - CONTROL NUMBER IDENTIFIER | |
| control field | OCoLC |
| 005 - DATE AND TIME OF LATEST TRANSACTION | |
| control field | 20240806102002.0 |
| 008 - FIXED-LENGTH DATA ELEMENTS--GENERAL INFORMATION | |
| fixed length control field | 210504s2021 sz a ob 001 0 eng d |
| 020 ## - INTERNATIONAL STANDARD BOOK NUMBER | |
| International Standard Book Number | 9783030665876 |
| 020 ## - INTERNATIONAL STANDARD BOOK NUMBER | |
| International Standard Book Number | 3030665879 |
| 020 ## - INTERNATIONAL STANDARD BOOK NUMBER | |
| Cancelled/invalid ISBN | 3030665860 |
| 020 ## - INTERNATIONAL STANDARD BOOK NUMBER | |
| Cancelled/invalid ISBN | 9783030665869 |
| 041 ## - LANGUAGE CODE | |
| Language | English |
| 049 ## - LOCAL HOLDINGS (OCLC) | |
| Holding library | MAIN |
| 072 #7 - SUBJECT CATEGORY CODE | |
| Subject category code | PST |
| Source | bicssc |
| 072 #7 - SUBJECT CATEGORY CODE | |
| Subject category code | SCI011000 |
| Source | bisacsh |
| 072 #7 - SUBJECT CATEGORY CODE | |
| Subject category code | PST |
| Source | thema |
| 082 04 - DEWEY DECIMAL CLASSIFICATION NUMBER | |
| Classification number | 571.82 |
| Edition number | 23 |
| Item number | MOH |
| 245 00 - TITLE STATEMENT | |
| Title | Plant growth-promoting microbes for sustainable biotic and abiotic stress management / |
| Statement of responsibility, etc | Heba I. Mohamed, Hossam El-Din Saad El-Beltagi, Kamel A. Abd-Elsalam, editors. |
| 300 ## - PHYSICAL DESCRIPTION | |
| Extent | 1 online resource (xv, 672 pages) : |
| Other physical details | illustrations (some color) |
| 505 0# - FORMATTED CONTENTS NOTE | |
| Contents | Cyanobacteria and algae as biocontrol agents against fungal and bacterial plant pathogens -- Plant Growth Promoting Rhizobacteria in Amelioration of Abiotic Stresses: A Functional Interplay and Prospective -- Seaweeds as indicators and potential remediators of metal pollution -- Role of microorganisms in managing soil fertility and plant nutrition in sustainable agriculture -- Role of endophytic bacteria in alleviation of heavy metals from an ecosystem -- Microbial enzymes and soil health -- Pseudomonas as plant growth promoting bacteria and its role in alleviation abiotic stress -- Plant growth promoting Rhizobacteria (PGPR) as biocontrol agents against viral protection -- Potential Role of Endophytes in Weeds and Herbicide Tolerance in Plants -- The auspicious role of promoting plant growth of rhizobacteria in the sustainable management of plant diseases -- Microbial bioactive compounds produced by bacteria and fungi and uses in plant health -- Biosynthesis of Nanoparticles by Microorganisms and Applications in Plant Stress Control -- Nano-enabled approaches for the suitable delivery of fertilizer and pesticide for plant growth -- Production of plant hormones from algae and its relation to plant growth -- Role of Trichoderma in agriculture and disease management -- Production of antibiotics from plant growth promoting bacteria and their role in biocontrol of plant diseases -- Role of Phosphate-Solubilising Microorganisms in Agricultural Development -- Cyanobacteria as biofertilizer and its effect under biotic stress -- Microorganism: A potent biological tool to combat Insects and herbivores -- Eco-friendly approaches for the alleviation of root-knot nematodes -- Rhizosphere, Rhizosphere Biology and Rhizospheric Engineering -- Microbial enzymes and role in phytoremidation. |
| 520 ## - SUMMARY, ETC. | |
| Summary, etc | Abiotic and biotic stress factors including drought, salinity, waterlog, temperature extremes, mineral nutrients, heavy metals, plant diseases, nematodes, viruses, and diseases, adversely affect growth as well as yield of crop plants worldwide. Plant growth promoting microorganisms (PGPM) are receiving increasing attention from agronomists and environmentalists as candidates to develop an effective, eco-friendly, and sustainable alternative to conventional agricultural (e.g., chemical fertilizers and pesticide) and remediation (e.g., chelators-enhanced phytoremediation) methods employed to deal with climate change-induced stresses. Recent studies have shown that plant growth promoting bacteria (PGPB), rhizobia, arbuscular mycorrhizal fungi (AMF), cyanobacteria have great potentials in the management of various agricultural and environmental problems. Our intention for this book is to provide up-to-date knowledge of biofertilizer and the roles of microorganisms in plant health, with specific emphasis on the mitigating strategies to combat plant stresses. |
| 650 #0 - SUBJECT ADDED ENTRY--TOPICAL TERM | |
| Topical term or geographic name as entry element | Growth (Plants) |
| 650 #0 - SUBJECT ADDED ENTRY--TOPICAL TERM | |
| Topical term or geographic name as entry element | Plant growth promoting substances. |
| 650 #0 - SUBJECT ADDED ENTRY--TOPICAL TERM | |
| Topical term or geographic name as entry element | Microorganisms. |
| 700 1# - ADDED ENTRY--PERSONAL NAME | |
| Personal name | Mohamed, Heba I., |
| 700 1# - ADDED ENTRY--PERSONAL NAME | |
| Personal name | El-Beltagi, Hossam El-Din Saad, |
| 700 1# - ADDED ENTRY--PERSONAL NAME | |
| Personal name | Abd-Elsalam, Kamel, |
| 856 40 - ELECTRONIC LOCATION AND ACCESS | |
| Uniform Resource Identifier | <a href="https://ezproxy.lib.gla.ac.uk/login?url=https://link.springer.com/10.1007/978-3-030-66587-6">https://ezproxy.lib.gla.ac.uk/login?url=https://link.springer.com/10.1007/978-3-030-66587-6</a> |
| 942 ## - ADDED ENTRY ELEMENTS (KOHA) | |
| Source of classification or shelving scheme | Dewey Decimal Classification |
| Koha item type | General Books |
| 504 ## - BIBLIOGRAPHY, ETC. NOTE | |
| Bibliography, etc | Includes bibliographical references and index. |
| 506 ## - RESTRICTIONS ON ACCESS NOTE | |
| Terms governing access | Access restricted to subscribing institutions. |
| 650 #0 - SUBJECT ADDED ENTRY--TOPICAL TERM | |
| General subdivision | Molecular aspects. |
| 700 1# - ADDED ENTRY--PERSONAL NAME | |
| Relator term | editor. |
| 700 1# - ADDED ENTRY--PERSONAL NAME | |
| Relator term | editor. |
| 700 1# - ADDED ENTRY--PERSONAL NAME | |
| Dates associated with a name | 1969- |
| Relator term | editor. |
| 856 40 - ELECTRONIC LOCATION AND ACCESS | |
| Public note | Connect to e-book |
| 907 ## - LOCAL DATA ELEMENT G, LDG (RLIN) | |
| a | .b37699933 |
| Withdrawn status | Lost status | Source of classification or shelving scheme | Damaged status | Not for loan | Collection code | Home library | Location | Shelving location | Date of Cataloging | Total Checkouts | Full call number | Barcode | Date last seen | Price effective from | Koha item type |
|---|---|---|---|---|---|---|---|---|---|---|---|---|---|---|---|
| Dewey Decimal Classification | Non-fiction | CUTN Central Library | CUTN Central Library | Sciences | 06/08/2024 | 571.82 MOH | 49564 | 06/08/2024 | 06/08/2024 | General Books |
